[Event "Ruhrgebiet Verbandsliga Gruppe 1 1819"]
[Site "Nordrheinwestfalen"]
[Date "2019.03.10"]
[Round "7.5"]
[White "Schmidt, Ingo"]
[Black "Bobzin, Pierre David"]
[Result "0-1"]
[WhiteElo "2018"]
[BlackElo "2160"]
[PlyCount "70"]
[EventDate "2018.09.23"]
[EventType "team-tourn"]
[EventRounds "9"]
[EventCountry "GER"]
[SourceTitle "EXT 2022"]
[Source "ChessBase"]
[SourceDate "2021.10.06"]
[SourceVersion "1"]
[SourceVersionDate "2021.10.06"]
[SourceQuality "1"]
[WhiteTeam "Hamm Koenigsspringer"]
[BlackTeam "Holsterhausen SK"]
[WhiteTeamCountry "GER"]
[BlackTeamCountry "GER"]

1. e4 c6 2. d4 d5 3. Nc3 dxe4 4. Nxe4 Nf6 5. Nxf6+ exf6 6. c3 Bd6 7. Bd3 0-0 8. Ne2 Qc7 9. Qc2 h6 10. Be3 Re8 11. Ng3 Bg4 12. Qd2 Nd7 13. Kf1 Nf8 14. h3 Be6 15. Nh5 Qa5 16. g4 Bd5 17. Rg1 Be4 18. Bc4 Bd5 19. Be2 Nh7 20. h4 g5 21. b4 Qc7 22. Bd3 Be4 23. hxg5 fxg5 24. Ng3 Bxg3 25. Rxg3 Nf6 26. Bxg5 Bxd3+ 27. Rxd3 Qh2 28. f3 Qh1+ 29. Kf2 Qxa1 30. Bxf6 Qh1 31. Be5 Re6 32. Re3 Rae8 33. a4 f6 34. Re1 Qh3 35. Qd1 Qh4+ 0-1

[Event "Ruhrgebiet Regionalliga 1718"]
[Site "Germany"]
[Date "2018.01.21"]
[Round "5.5"]
[White "Becker, Marco"]
[Black "Schmidt, Ingo"]
[Result "0-1"]
[WhiteElo "1994"]
[BlackElo "1969"]
[PlyCount "76"]
[EventDate "2017.10.01"]
[EventType "team-tourn"]
[EventRounds "9"]
[EventCountry "GER"]
[SourceTitle "EXT 2022"]
[Source "ChessBase"]
[SourceDate "2021.10.06"]
[SourceVersion "1"]
[SourceVersionDate "2021.10.06"]
[SourceQuality "1"]
[WhiteTeam "Horst Emscher"]
[BlackTeam "Hamm Koenigsspringer"]
[WhiteTeamCountry "GER"]
[BlackTeamCountry "GER"]

1. e4 e5 2. Nf3 Nc6 3. Bc4 Bc5 4. 0-0 Nf6 5. d3 d6 6. c3 a6 7. Bb3 0-0 8. Nbd2 Ba7 9. Re1 Ne7 10. Nf1 Ng6 11. Ng3 Be6 12. Bxe6 fxe6 13. Qb3 Qd7 14. Be3 Bxe3 15. Rxe3 Nf4 16. h3 c5 17. Rd1 b5 18. d4 exd4 19. cxd4 c4 20. Qc2 N6h5 21. Nxh5 Nxh5 22. e5 d5 23. Ng5 g6 24. g3 Qe8 25. h4 Ra7 26. Nh3 Ng7 27. g4 Qe7 28. Ng5 h6 29. Nf3 Qe8 30. Kg2 Raf7 31. Nh2 Rf4 32. f3 Qf7 33. Qe2 h5 34. Ra3 Kh7 35. Rxa6 hxg4 36. Nxg4 Nh5 37. Qe3 Rxf3 38. Nf6+ Qxf6 0-1

[Event "Ruhrgebiet Verbandsliga 1516 Relegation"]
[Site "Germany"]
[Date "2016.06.26"]
[Round "1.6"]
[White "Schmidt, Ingo"]
[Black "Dette, Jan"]
[Result "1/2-1/2"]
[WhiteElo "1979"]
[BlackElo "1948"]
[PlyCount "56"]
[EventDate "2016.06.26"]
[EventType "team-match"]
[EventRounds "1"]
[EventCountry "GER"]
[SourceTitle "EXT 2022"]
[Source "ChessBase"]
[SourceDate "2021.10.06"]
[SourceVersion "1"]
[SourceVersionDate "2021.10.06"]
[SourceQuality "1"]
[WhiteTeam "Hamm Koenigsspringer"]
[BlackTeam "Katernberg SF III"]
[WhiteTeamCountry "GER"]
[BlackTeamCountry "GER"]

1. e4 e5 2. Nf3 Nc6 3. Bc4 Nf6 4. Ng5 d5 5. exd5 Na5 6. Bb5+ c6 7. dxc6 bxc6 8. Bd3 h6 9. Ne4 Nd5 10. 0-0 Be7 11. Be2 0-0 12. d3 f5 13. Ng3 Nb7 14. Bd2 Bc5 15. Bf3 Qf6 16. c4 Nb6 17. Bc3 Rd8 18. Ne2 Qd6 19. b4 Bxb4 20. Qb3 Bxc3 21. Nbxc3 Nc5 22. Qc2 Qxd3 23. Qxd3 Rxd3 24. Bxc6 Bb7 25. Bxb7 Nxb7 26. Rfd1 Rxd1+ 27. Rxd1 Nxc4 28. Rd7 Nbd6 1/2-1/2

[Event "Ruhrgebiet Verbandsliga Gruppe 1 1516"]
[Site "Germany"]
[Date "2015.12.20"]
[Round "5.6"]
[White "Schmidt, Ingo"]
[Black "Krieglstein, Marcel"]
[Result "1/2-1/2"]
[WhiteElo "1968"]
[BlackElo "1788"]
[PlyCount "45"]
[EventDate "2015.09.06"]
[EventType "team-tourn"]
[EventRounds "9"]
[EventCountry "GER"]
[SourceTitle "EXT 2022"]
[Source "ChessBase"]
[SourceDate "2021.10.06"]
[SourceVersion "1"]
[SourceVersionDate "2021.10.06"]
[SourceQuality "1"]
[WhiteTeam "Hamm Koenigsspringer"]
[BlackTeam "Holsterhausen SK"]
[WhiteTeamCountry "GER"]
[BlackTeamCountry "GER"]

1. e4 d5 2. exd5 Qxd5 3. Nc3 Qa5 4. d4 Nf6 5. Nf3 Bf5 6. Bd3 Bxd3 7. Qxd3 c6 8. Bd2 e6 9. Ne4 Qd8 10. 0-0-0 Nbd7 11. Nxf6+ Nxf6 12. Ne5 Be7 13. g4 Nd7 14. Qb3 Nxe5 15. dxe5 Qc7 16. f4 0-0-0 17. Be3 b6 18. a4 Rd5 19. c4 Rxd1+ 20. Rxd1 Rd8 21. Rd3 g5 22. Qc2 gxf4 23. Bxf4 1/2-1/2

[Event "Ruhrgebiet Verbandsliga Gruppe 1 1516"]
[Site "Germany"]
[Date "2015.11.29"]
[Round "4.6"]
[White "Tochtrop, Lothar"]
[Black "Schmidt, Ingo"]
[Result "0-1"]
[WhiteElo "1864"]
[BlackElo "1968"]
[PlyCount "40"]
[EventDate "2015.09.06"]
[EventType "team-tourn"]
[EventRounds "9"]
[EventCountry "GER"]
[SourceTitle "EXT 2022"]
[Source "ChessBase"]
[SourceDate "2021.10.06"]
[SourceVersion "1"]
[SourceVersionDate "2021.10.06"]
[SourceQuality "1"]
[WhiteTeam "Bottrop SV"]
[BlackTeam "Hamm Koenigsspringer"]
[WhiteTeamCountry "GER"]
[BlackTeamCountry "GER"]

1. e4 e5 2. Bc4 Nf6 3. Nf3 Nc6 4. Ng5 d5 5. exd5 Na5 6. Bb5+ c6 7. dxc6 bxc6 8. Qf3 Be7 9. Bxc6+ Nxc6 10. Qxc6+ Bd7 11. Qf3 Rc8 12. 0-0 0-0 13. Nc3 Bc6 14. Qe3 Nd5 15. Nxf7 Rxf7 16. Qxe5 Bd6 17. Qe1 Qh4 18. f4 Bc5+ 19. Kh1 Nxf4 20. Ne4 Nxg2 0-1

[Event "Ruhrgebiet Verbandsliga Gruppe 1 1516"]
[Site "Germany"]
[Date "2015.09.27"]
[Round "2.6"]
[White "Wilbert, Siegfried"]
[Black "Schmidt, Ingo"]
[Result "1-0"]
[WhiteElo "1929"]
[BlackElo "1968"]
[PlyCount "51"]
[EventDate "2015.09.06"]
[EventType "team-tourn"]
[EventRounds "9"]
[EventCountry "GER"]
[SourceTitle "EXT 2022"]
[Source "ChessBase"]
[SourceDate "2021.10.06"]
[SourceVersion "1"]
[SourceVersionDate "2021.10.06"]
[SourceQuality "1"]
[WhiteTeam "Buer SF"]
[BlackTeam "Hamm Koenigsspringer"]
[WhiteTeamCountry "GER"]
[BlackTeamCountry "GER"]

1. c4 c6 2. Nf3 d5 3. d4 Nf6 4. Nc3 e6 5. Bg5 h6 6. Bh4 g5 7. Bg3 dxc4 8. Ne5 b5 9. h4 b4 10. Nb1 Ne4 11. e3 Nxg3 12. fxg3 Bd6 13. Qh5 Bxe5 14. dxe5 Qd5 15. Nd2 Qxe5 16. 0-0-0 c3 17. Nc4 Qg7 18. hxg5 cxb2+ 19. Kb1 Ba6 20. Nd6+ Ke7 21. Bxa6 Nxa6 22. Nxf7 Rhf8 23. g6 b3 24. axb3 Rab8 25. Qh4+ Qf6 26. Rd7+ 1-0

[Event "Ruhrgebiet Regionalliga 1415"]
[Site "Germany"]
[Date "2015.05.03"]
[Round "9.6"]
[White "Schmidt, Ingo"]
[Black "Kortenbusch, Christoph"]
[Result "1/2-1/2"]
[WhiteElo "1968"]
[BlackElo "2016"]
[PlyCount "60"]
[EventDate "2014.09.28"]
[EventType "team-tourn"]
[EventRounds "9"]
[EventCountry "GER"]
[SourceTitle "EXT 2022"]
[Source "ChessBase"]
[SourceDate "2021.10.06"]
[SourceVersion "1"]
[SourceVersionDate "2021.10.06"]
[SourceQuality "1"]
[WhiteTeam "Hamm Koenigsspringer"]
[BlackTeam "Holsterhausen SK"]
[WhiteTeamCountry "GER"]
[BlackTeamCountry "GER"]

1. e4 c5 2. Nf3 d6 3. d4 cxd4 4. Nxd4 Nf6 5. Nc3 g6 6. Be3 Bg7 7. f3 0-0 8. Qd2 Nc6 9. g4 Nxd4 10. Bxd4 Be6 11. g5 Nh5 12. Bxg7 Nxg7 13. 0-0-0 Qa5 14. Kb1 Rfc8 15. Nd5 Qxd2 16. Rxd2 Bxd5 17. Rxd5 Rc7 18. h4 Ne6 19. Bh3 Nf4 20. Rd2 Rf8 21. Bg4 f6 22. gxf6 Rxf6 23. c3 b5 24. Bh3 Nxh3 25. Rxh3 Rc8 26. Rd3 Kf7 27. Kc2 Ke6 28. Kd2 Rc5 29. Ke3 a5 30. Rg3 Rf8 1/2-1/2

[Event "Ruhrgebiet Regionalliga 1415"]
[Site "Germany"]
[Date "2015.03.15"]
[Round "7.6"]
[White "Schmidt, Ingo"]
[Black "Wolf, Ulrich"]
[Result "1/2-1/2"]
[WhiteElo "1974"]
[BlackElo "2027"]
[PlyCount "51"]
[EventDate "2014.09.28"]
[EventType "team-tourn"]
[EventRounds "9"]
[EventCountry "GER"]
[SourceTitle "EXT 2022"]
[Source "ChessBase"]
[SourceDate "2021.10.06"]
[SourceVersion "1"]
[SourceVersionDate "2021.10.06"]
[SourceQuality "1"]
[WhiteTeam "Hamm Koenigsspringer"]
[BlackTeam "Wattenscheid SV II"]
[WhiteTeamCountry "GER"]
[BlackTeamCountry "GER"]

1. e4 c5 2. Nf3 e6 3. d4 cxd4 4. Nxd4 a6 5. c4 Qc7 6. Bd3 Nf6 7. Nc3 b6 8. Qe2 d6 9. 0-0 Be7 10. f4 Nbd7 11. Nf3 e5 12. Nd5 Nxd5 13. exd5 Bf6 14. fxe5 Nxe5 15. Bg5 Bg4 16. Bxf6 gxf6 17. Qe3 Bxf3 18. Rxf3 Qc5 19. Rg3 Ke7 20. b3 a5 21. a3 h6 22. h3 Rhg8 23. Qxc5 bxc5 24. Re3 Rg5 25. Ra2 Rb8 26. Be2 1/2-1/2

[Event "Ruhrgebiet Regionalliga 1213"]
[Site "Nordrheinwestfalen"]
[Date "2013.04.14"]
[Round "8.5"]
[White "Schmidt, Ingo"]
[Black "Baerwolf, Steven"]
[Result "1-0"]
[WhiteElo "2055"]
[BlackElo "1934"]
[PlyCount "171"]
[EventDate "2012.09.09"]
[EventType "team-tourn"]
[EventRounds "9"]
[EventCountry "GER"]
[SourceTitle "EXT 2020"]
[Source "ChessBase"]
[SourceDate "2019.10.17"]
[SourceVersion "1"]
[SourceVersionDate "2019.10.17"]
[SourceQuality "1"]
[WhiteTeam "Koenigsspringer Hamm"]
[BlackTeam "Horst Emscher"]
[WhiteTeamCountry "GER"]
[BlackTeamCountry "GER"]

1. e4 e5 2. Nf3 Nc6 3. Bc4 Bc5 4. c3 Nf6 5. d4 exd4 6. cxd4 Bb4+ 7. Nc3 Nxe4 8. 0-0 Bxc3 9. d5 Bf6 10. Re1 Ne7 11. Rxe4 d6 12. Bg5 Bxg5 13. Nxg5 h6 14. Bb5+ Bd7 15. Qe2 Bxb5 16. Qxb5+ Qd7 17. Qxb7 0-0 18. Rae1 Rab8 19. Qxa7 Nxd5 20. Qd4 Nf6 21. Re7 Qb5 22. Nf3 Qxb2 23. Rxc7 Qxd4 24. Nxd4 Rb2 25. Rc2 Rfb8 26. a3 Rxc2 27. Nxc2 Rb2 28. Rc1 Ra2 29. f3 Nd7 30. Nb4 Rxa3 31. Rd1 Rb3 32. Rxd6 Ne5 33. Nc6 Nc4 34. Rd4 Rb1+ 35. Kf2 Rb2+ 36. Kg1 Ne3 37. Re4 Rxg2+ 38. Kh1 Rc2 39. Ne7+ Kf8 40. Rxe3 Rc5 41. Kg2 g6 42. f4 h5 43. Kg3 Kg7 44. Rd3 Kf6 45. Nd5+ Ke6 46. Nc3 Ra5 47. Re3+ Kf5 48. Ne4 Rd5 49. Kf3 Rd4 50. Rc3 f6 51. Rc5+ Ke6 52. Ke3 Ra4 53. Rc6+ Ke7 54. Rc7+ Kf8 55. Rd7 g5 56. fxg5 fxg5 57. Nxg5 h4 58. Nf3 Kg8 59. Rd5 Kg7 60. Rd6 Kh7 61. Ng5+ Kg7 62. Kf3 Ra2 63. h3 Ra4 64. Ne4 Kh7 65. Kf4 Kg7 66. Kf5 Ra5+ 67. Kg4 Ra4 68. Re6 Kf7 69. Rf6+ Kg7 70. Rf4 Kg6 71. Kxh4 Ra1 72. Kg4 Rg1+ 73. Ng3 Ra1 74. h4 Rg1 75. h5+ Kh6 76. Rf6+ Kg7 77. Rg6+ Kh7 78. Kf5 Ra1 79. Kg5 Ra5+ 80. Nf5 Rb5 81. Rg7+ Kh8 82. Rd7 Rb1 83. Kg6 Rb8 84. Rh7+ Kg8 85. Nh6+ Kf8 86. Rh8+ 1-0

[Event "Ruhrgebiet Verbandsliga1 1112"]
[Site "Nordrheinwestfalen"]
[Date "2012.04.22"]
[Round "9.7"]
[White "Schmidt, Ingo"]
[Black "Rother, Josef"]
[Result "1-0"]
[WhiteElo "2049"]
[BlackElo "1780"]
[PlyCount "41"]
[EventDate "2012.09.18"]
[EventType "team-tourn"]
[EventRounds "9"]
[EventCountry "GER"]
[SourceTitle "EXT 2020"]
[Source "ChessBase"]
[SourceDate "2019.10.17"]
[SourceVersion "1"]
[SourceVersionDate "2019.10.17"]
[SourceQuality "1"]
[WhiteTeam "Koenigsspringer Hamm"]
[BlackTeam "Essen Ueberruhr"]
[WhiteTeamCountry "GER"]
[BlackTeamCountry "GER"]

1. e4 c5 2. Nf3 d6 3. d4 cxd4 4. Nxd4 Nf6 5. Nc3 a6 6. f4 e6 7. Be2 Nc6 8. Be3 Qc7 9. 0-0 Be7 10. Bf3 Bd7 11. Kh1 Nxd4 12. Bxd4 Rc8 13. e5 dxe5 14. fxe5 Ng8 15. Be4 Bc5 16. Bxc5 Qxc5 17. Bxb7 Rb8 18. Ne4 Qxe5 19. Nd6+ Ke7 20. Rxf7+ Kd8 21. Rxd7+ 1-0

[Event "Ruhrgebiet Verbandsliga1 1112"]
[Site "Nordrheinwestfalen"]
[Date "2012.03.25"]
[Round "8.7"]
[White "Knauf, Thomas"]
[Black "Schmidt, Ingo"]
[Result "0-1"]
[WhiteElo "1885"]
[BlackElo "2049"]
[PlyCount "54"]
[EventDate "2012.09.18"]
[EventType "team-tourn"]
[EventRounds "9"]
[EventCountry "GER"]
[SourceTitle "EXT 2020"]
[Source "ChessBase"]
[SourceDate "2019.10.17"]
[SourceVersion "1"]
[SourceVersionDate "2019.10.17"]
[SourceQuality "1"]
[WhiteTeam "Bochum-Linden-Dahlhausen"]
[BlackTeam "Koenigsspringer Hamm"]
[WhiteTeamCountry "GER"]
[BlackTeamCountry "GER"]

1. c4 c6 2. e4 d5 3. exd5 cxd5 4. cxd5 Nf6 5. Nc3 Nxd5 6. d4 g6 7. Nf3 Nc6 8. Bb5 Bg7 9. Ne5 Nxc3 10. bxc3 Bxe5 11. dxe5 Qxd1+ 12. Kxd1 Bd7 13. f4 Nxe5 14. fxe5 Bxb5 15. Be3 Bc6 16. Rg1 Rd8+ 17. Bd4 Rd5 18. Ke2 Ra5 19. a3 0-0 20. h4 f6 21. exf6 e5 22. Be3 Rxf6 23. Bg5 Rf5 24. Be7 Ra4 25. Rad1 Kf7 26. Bg5 Rxa3 27. Ra1 Bb5+ 0-1

[Event "Ruhrgebiet Verbandsliga1 1112"]
[Site "Nordrheinwestfalen"]
[Date "2011.11.13"]
[Round "3.7"]
[White "Loeffelbein, Klaus"]
[Black "Schmidt, Ingo"]
[Result "0-1"]
[WhiteElo "1858"]
[BlackElo "2049"]
[PlyCount "148"]
[EventDate "2012.09.18"]
[EventType "team-tourn"]
[EventRounds "9"]
[EventCountry "GER"]
[SourceTitle "EXT 2020"]
[Source "ChessBase"]
[SourceDate "2019.10.17"]
[SourceVersion "1"]
[SourceVersionDate "2019.10.17"]
[SourceQuality "1"]
[WhiteTeam "Gerthe Werne"]
[BlackTeam "Koenigsspringer Hamm"]
[WhiteTeamCountry "GER"]
[BlackTeamCountry "GER"]

1. d4 f5 2. e4 fxe4 3. Nc3 Nf6 4. Bg5 Nc6 5. d5 Ne5 6. Qd4 Nf7 7. Bh4 c6 8. dxc6 bxc6 9. Nxe4 Nxe4 10. Qxe4 Qa5+ 11. c3 d5 12. Qc2 g6 13. Nf3 Bf5 14. Bd3 Bxd3 15. Qxd3 Bg7 16. 0-0 e5 17. Ng5 Nxg5 18. Bxg5 0-0 19. Be7 Rf4 20. Qh3 Rf5 21. Qe3 Re8 22. Bb4 Qc7 23. Bc5 Qf7 24. Rae1 a6 25. Qd3 Qb7 26. Re2 e4 27. Qd2 Be5 28. Qc2 Rh5 29. g3 Rf5 30. Qb3 Qb5 31. Qxb5 axb5 32. a3 h5 33. Kg2 Bc7 34. Re3 Bd8 35. Re2 g5 36. h3 Kf7 37. Re3 Re6 38. Bd4 Be7 39. b4 Rh6 40. Ra1 g4 41. h4 Re6 42. Ra2 Bf8 43. Ree2 Rf3 44. Be3 Bg7 45. Rac2 Re8 46. Re1 Ke6 47. Ra1 Ra8 48. Kg1 Ra4 49. Kf1 Rf8 50. Ke1 Rfa8 51. Bc1 Kd7 52. Bb2 c5 53. Rd1 Ke6 54. Re2 cxb4 55. axb4 Ra2 56. Kf1 Be5 57. Rdd2 Rc8 58. Rc2 Rc4 59. Ke1 Rxb2 60. Rxb2 Bxc3+ 61. Kd1 Bxb2 62. Rxb2 d4 63. Kd2 Rc3 64. Ra2 Rb3 65. Ra6+ Kd5 66. Rh6 Rxb4 67. Rxh5+ Kc4 68. Rg5 Rb2+ 69. Kc1 Rxf2 70. Rxg4 Kc3 71. Kd1 d3 72. Ke1 e3 73. Re4 d2+ 74. Kd1 Rf1+ 0-1

[Event "Ruhrgebiet Regionalliga 1011"]
[Site "Nordrheinwestfalen"]
[Date "2011.04.03"]
[Round "8.8"]
[White "Pilat, Fabian"]
[Black "Schmidt, Ingo"]
[Result "1/2-1/2"]
[WhiteElo "1961"]
[BlackElo "2035"]
[PlyCount "82"]
[EventDate "2010.09.19"]
[EventType "team-tourn"]
[EventRounds "9"]
[EventCountry "GER"]
[SourceTitle "EXT 2020"]
[Source "ChessBase"]
[SourceDate "2019.10.17"]
[SourceVersion "1"]
[SourceVersionDate "2019.10.17"]
[SourceQuality "1"]
[WhiteTeam "Bochum SG III"]
[BlackTeam "Koenigsspringer Hamm"]
[WhiteTeamCountry "GER"]
[BlackTeamCountry "GER"]

1. d4 d5 2. Nf3 Nf6 3. e3 c6 4. Bd3 Bg4 5. 0-0 Nbd7 6. Nbd2 e5 7. dxe5 Nxe5 8. Be2 Nxf3+ 9. Bxf3 Bxf3 10. Qxf3 Bb4 11. c3 Be7 12. e4 dxe4 13. Nxe4 Nxe4 14. Qxe4 0-0 15. Be3 Re8 16. Qg4 Bf6 17. Rad1 Qa5 18. Rd7 Qb5 19. Rb1 Rad8 20. Bd4 h5 21. Rxd8 Rxd8 22. Qf4 Bxd4 23. cxd4 Qd3 24. Rf1 Qxd4 25. Qg5 Rd5 26. Qe7 Rd7 27. Qe2 Qd2 28. Qe5 Qd4 29. Qe2 a6 30. h3 c5 31. b3 g6 32. Qe8+ Kg7 33. Qe2 b5 34. Rc1 Rd5 35. a3 Re5 36. Qc2 c4 37. bxc4 bxc4 38. Qxc4 Re1+ 39. Kh2 Qd6+ 40. g3 Rxc1 41. Qxc1 Qd4 1/2-1/2

[Event "Ruhrgebiet Regionalliga 1011"]
[Site "Nordrheinwestfalen"]
[Date "2011.03.06"]
[Round "7.8"]
[White "Schmidt, Ingo"]
[Black "Grosse Hering, Peter"]
[Result "1-0"]
[WhiteElo "2035"]
[BlackElo "1812"]
[PlyCount "137"]
[EventDate "2010.09.19"]
[EventType "team-tourn"]
[EventRounds "9"]
[EventCountry "GER"]
[SourceTitle "EXT 2020"]
[Source "ChessBase"]
[SourceDate "2019.10.17"]
[SourceVersion "1"]
[SourceVersionDate "2019.10.17"]
[SourceQuality "1"]
[WhiteTeam "Koenigsspringer Hamm"]
[BlackTeam "Horst Emscher"]
[WhiteTeamCountry "GER"]
[BlackTeamCountry "GER"]

1. e4 d6 2. d4 Nf6 3. Nc3 g6 4. Nf3 Bg7 5. Be2 0-0 6. 0-0 c6 7. a4 Nbd7 8. Be3 e5 9. dxe5 dxe5 10. Bc4 h6 11. h3 Qe7 12. Qd2 Kh7 13. Rfd1 Nc5 14. Bxc5 Qxc5 15. Bb3 Nh5 16. Qd6 Qxd6 17. Rxd6 Nf4 18. Re1 Ne6 19. Re3 Nd4 20. Ne2 Nxb3 21. Rxb3 Re8 22. Nc1 Bf8 23. Rd1 b6 24. Rbd3 f6 25. Nh4 Be7 26. Nf3 Be6 27. Rc3 Rac8 28. b3 Kg7 29. g4 Kf7 30. Rcd3 Red8 31. c4 Rxd3 32. Rxd3 Bc5 33. Kg2 Ke7 34. Ne1 Rb8 35. Nc2 a5 36. Rg3 b5 37. cxb5 cxb5 38. Rc3 Bd6 39. axb5 Rxb5 40. Ne3 Rc5 41. Rc2 Kd7 42. Kf1 Kc6 43. Ke2 Rxc2+ 44. Nxc2 Kb5 45. f4 f5 46. exf5 gxf5 47. g5 hxg5 48. fxg5 f4 49. h4 Bg4+ 50. Kd2 e4 51. Na2 Kc5 52. b4+ axb4 53. Naxb4 Kc4 54. Nc6 Bf3 55. Nd8 Bc5 56. Ne6 e3+ 57. Ke1 Bd6 58. g6 Bd5 59. Ned4 Be5 60. Ne2 Be4 61. Nxf4 Bxc2 62. Ng2 Kd4 63. h5 Bg7 64. Nf4 Ke4 65. Ne2 Kf3 66. h6 Bf8 67. Nd4+ Ke4 68. Nxc2 Kd3 69. g7 1-0

[Event "Ruhrgebiet Regionalliga 0910"]
[Site "Germany"]
[Date "2010.02.21"]
[Round "7.8"]
[White "Schmidt, Ingo"]
[Black "Strathoff, Martin"]
[Result "1-0"]
[WhiteElo "1978"]
[BlackElo "2047"]
[PlyCount "33"]
[EventDate "2009.09.06"]
[EventType "team-tourn"]
[EventRounds "9"]
[EventCountry "GER"]
[SourceTitle "EXT 2011"]
[Source "ChessBase"]
[SourceDate "2010.11.26"]
[SourceVersion "1"]
[SourceVersionDate "2010.11.26"]
[SourceQuality "1"]
[WhiteTeam "Hamm Koenigsspringer"]
[BlackTeam "Brackel"]
[WhiteTeamCountry "GER"]
[BlackTeamCountry "GER"]

1. e4 c5 2. Nf3 d6 3. d4 cxd4 4. Nxd4 Nf6 5. Nc3 a6 6. Bg5 e6 7. f4 Nc6 8. Nxc6 bxc6 9. e5 Qb6 10. exf6 Qxb2 11. Na4 Qb4+ 12. c3 Qe4+ 13. Kf2 Rb8 14. fxg7 Bxg7 15. Qxd6 f6 16. Be2 fxg5 17. Bh5+ 1-0

[Event "Ruhrgebiet Regionalliga 0910"]
[Site "Germany"]
[Date "2010.01.18"]
[Round "5.7"]
[White "Butschek, Marc"]
[Black "Schmidt, Ingo"]
[Result "1/2-1/2"]
[WhiteElo "1841"]
[BlackElo "1978"]
[PlyCount "103"]
[EventDate "2009.09.06"]
[EventType "team-tourn"]
[EventRounds "9"]
[EventCountry "GER"]
[SourceTitle "EXT 2011"]
[Source "ChessBase"]
[SourceDate "2010.11.26"]
[SourceVersion "1"]
[SourceVersionDate "2010.11.26"]
[SourceQuality "1"]
[WhiteTeam "Bochum SG III"]
[BlackTeam "Hamm Koenigsspringer"]
[WhiteTeamCountry "GER"]
[BlackTeamCountry "GER"]

1. e4 e5 2. Nf3 Nc6 3. Bb5 f5 4. d3 fxe4 5. dxe4 Nf6 6. Bg5 d6 7. Nc3 Be7 8. 0-0 0-0 9. Bxf6 Bxf6 10. Qd5+ Kh8 11. Bxc6 bxc6 12. Qxc6 Rb8 13. Rab1 Bg4 14. Ne1 Bg5 15. Qd5 Qe8 16. Qd3 Qh5 17. f3 Be6 18. Ne2 Qh6 19. g3 Be3+ 20. Kh1 Bxa2 21. Ra1 Be6 22. Ng2 Bc5 23. b3 Rf6 24. f4 Rbf8 25. Ng1 Qh5 26. f5 Bd7 27. Qf3 Qf7 28. g4 Rh6 29. g5 Rh5 30. h4 d5 31. exd5 Bxf5 32. Ne2 e4 33. Qxf5 Qxf5 34. Rxf5 Rxf5 35. Ng3 Rf3 36. b4 Bf2 37. Nf1 h6 38. Nh2 hxg5 39. Rf1 Bxh4 40. Nxf3 exf3 41. Nxh4 gxh4 42. Rxf3 Rxd5 43. Rc3 Rd7 44. Kg2 g5 45. Rc5 g4 46. Rh5+ Rh7 47. Ra5 h3+ 48. Kh1 c6 49. Rc5 Rh4 50. Rxc6 g3 51. Rg6 g2+ 52. Kh2 1/2-1/2

[Event "Ruhrgebiet Regionalliga 0910"]
[Site "Germany"]
[Date "2009.09.27"]
[Round "2.8"]
[White "Werner, Patrick2"]
[Black "Schmidt, Ingo"]
[Result "0-1"]
[WhiteElo "1839"]
[BlackElo "1978"]
[PlyCount "84"]
[EventDate "2009.09.06"]
[EventType "team-tourn"]
[EventRounds "9"]
[EventCountry "GER"]
[SourceTitle "EXT 2011"]
[Source "ChessBase"]
[SourceDate "2010.11.26"]
[SourceVersion "1"]
[SourceVersionDate "2010.11.26"]
[SourceQuality "1"]
[WhiteTeam "Dortmund Hansa III"]
[BlackTeam "Hamm Koenigsspringer"]
[WhiteTeamCountry "GER"]
[BlackTeamCountry "GER"]

1. d4 d5 2. c4 c6 3. Nc3 Nf6 4. Nf3 e6 5. e3 Nbd7 6. Qc2 Bd6 7. g4 Nxg4 8. Rg1 f5 9. h3 Ngf6 10. Rxg7 Ne4 11. Be2 Qf6 12. Rg1 Bb4 13. a3 Nxc3 14. axb4 Nxe2 15. Qxe2 b6 16. Bd2 Bb7 17. Bc3 Qh6 18. b5 a5 19. cxd5 exd5 20. b4 cxb5 21. bxa5 Qc6 22. Bd2 bxa5 23. Nh4 Nf6 24. Nxf5 b4 25. Rg7 Ba6 26. Qf3 Rg8 27. Rxg8+ Nxg8 28. Ng7+ Ke7 29. Rc1 Qg6 30. Nf5+ Ke8 31. Ng3 Ne7 32. e4 Bc4 33. Rxc4 dxc4 34. e5 Rd8 35. Ne4 Rxd4 36. Nf6+ Kf7 37. e6+ Kxe6 38. Qe3+ Kxf6 39. Qxd4+ Kf7 40. Qxc4+ Qe6+ 41. Qxe6+ Kxe6 42. Kd1 Kd5 0-1

[Event "Ruhrgebiet Regionalliga 0910"]
[Site "Germany"]
[Date "2009.09.06"]
[Round "1.7"]
[White "Schmidt, Ingo"]
[Black "Georg, Heinz"]
[Result "1-0"]
[WhiteElo "1978"]
[BlackElo "2200"]
[PlyCount "49"]
[EventDate "2009.09.06"]
[EventType "team-tourn"]
[EventRounds "9"]
[EventCountry "GER"]
[SourceTitle "EXT 2011"]
[Source "ChessBase"]
[SourceDate "2010.11.26"]
[SourceVersion "1"]
[SourceVersionDate "2010.11.26"]
[SourceQuality "1"]
[WhiteTeam "Hamm Koenigsspringer"]
[BlackTeam "Kamen"]
[WhiteTeamCountry "GER"]
[BlackTeamCountry "GER"]

1. e4 e5 2. Nf3 Nf6 3. Nxe5 d6 4. Nf3 Nxe4 5. d4 d5 6. Bd3 Nc6 7. 0-0 Bg4 8. c4 Nf6 9. Nc3 Bxf3 10. Qxf3 Nxd4 11. Qe3+ Ne6 12. cxd5 Nxd5 13. Nxd5 Qxd5 14. Be4 Qb5 15. Qf3 Nd4 16. Qh3 Ne2+ 17. Kh1 Ng3+ 18. hxg3 Qxf1+ 19. Kh2 c6 20. Qf5 Qc4 21. Bg5 h6 22. Bxc6+ bxc6 23. Re1+ Be7 24. Bxe7 Qd5 25. Bb4+ 1-0

[Event "Ruhrgebiet Regionalliga 0708"]
[Site "Germany"]
[Date "2008.02.24"]
[Round "6.8"]
[White "Starp, Klaus"]
[Black "Schmidt, Ingo"]
[Result "1-0"]
[WhiteElo "2017"]
[BlackElo "2012"]
[PlyCount "80"]
[EventDate "2007.09.16"]
[EventType "team-tourn"]
[EventRounds "9"]
[EventCountry "GER"]
[SourceTitle "EXT 2009"]
[Source "ChessBase"]
[SourceDate "2008.11.26"]
[SourceVersion "1"]
[SourceVersionDate "2008.11.26"]
[SourceQuality "1"]
[WhiteTeam "Ahlen"]
[BlackTeam "Hamm "]
[WhiteTeamCountry "GER"]
[BlackTeamCountry "GER"]

1. e4 e5 2. Nc3 Nf6 3. g3 d5 4. exd5 Nxd5 5. Bg2 Nxc3 6. bxc3 Bd6 7. Nf3 0-0 8. 0-0 Nd7 9. d3 Rb8 10. Nd2 b6 11. Nc4 Bc5 12. Rb1 Ba6 13. Ne3 Nf6 14. c4 Qd7 15. Bb2 Rfe8 16. Re1 Bd4 17. Bxd4 exd4 18. Nd5 Rxe1+ 19. Qxe1 Nxd5 20. Bxd5 Re8 21. Qd1 c6 22. Bg2 c5 23. Qf3 g6 24. Qc6 Bc8 25. a4 Qxc6 26. Bxc6 Re6 27. Bd5 Rd6 28. a5 Kf8 29. Kg2 Ke7 30. axb6 axb6 31. h3 g5 32. g4 Bd7 33. Kg3 b5 34. Be4 bxc4 35. Bxh7 cxd3 36. Bxd3 Be6 37. Rb7+ Kf6 38. Rc7 Rd5 39. f4 gxf4+ 40. Kxf4 Re5 1-0